The James K. Polk Presidency - Statistics

General Stats
  • This quiz has been taken 576 times
  • The average score is 14 of 18
Answer Stats
Hint Answer % Correct
His political party Democratic
96%
Due to border disagreements, war is declared on this country. Mexico
93%
New states admitted to the Union Texas
93%
States with territory acquired from the war California
92%
States with territory acquired from the war New Mexico
90%
States with territory acquired from the war Arizona
89%
His Vice President (Hint: City in Texas) George M. Dallas
89%
Made a deal with Britain to receive this northwestern territory. Oregon
89%
States with territory acquired from the war Colorado
83%
This substance is discovered at Sutter's Mill in California. Gold
83%
States with territory acquired from the war Utah
83%
States with territory acquired from the war Nevada
81%
State of his political base Tennessee
74%
States with territory acquired from the war Wyoming
74%
His birth state North Carolina
67%
Name of his wife (Hint: starts with S) Sarah
67%
New states admitted to the Union Iowa
58%
New states admitted to the Union Wisconsin
50%
No matching quizzes found
Score Distribution
Percent of People with Each Score
Percentile by Number Answered
Your Score History
You have not taken this quiz